| 000 | 00348nam a22001577a 4500 | ||
|---|---|---|---|
| 003 | SGT | ||
| 020 | _a978-81-8191-388-3 | ||
| 082 |
_a610.7368 _bO13B |
||
| 100 | _aBALAKRISHANAN, SHELA | ||
| 245 | _aTB. OF OBSTETRICS | ||
| 250 | _a2ND | ||
| 260 |
_aINDIA _bPARAS PUB _c2013 |
||
| 300 | _a623 | ||
| 650 | _aOBSTETRICS NURSING | ||
| 942 |
_2ddc _cBK |
||
| 999 |
_c20120 _d20120 |
||